| 000 | 00623nam a2200217 a 4500 | ||
|---|---|---|---|
| 005 | 20240228063903.0 | ||
| 008 | 070201s1992 mx r 000 0 spa d | ||
| 020 | _a9501104656 | ||
| 035 | _aUPN01000149070 | ||
| 049 | _aI | ||
| 050 | 4 |
_aPZ71 _bA2.3 |
|
| 245 | 0 | 0 |
_aABC del niño / _cil. Raúl Stévano. |
| 260 |
_a[Buenos Aires] : _bSigmar, _c[1992]. |
||
| 300 |
_a[8] p. : _bil. col. |
||
| 440 | 0 |
_aGrandes álbumes infantiles ; _v447 |
|
| 650 | 4 |
_aLibros y lectura para niños _92290 |
|
| 650 | 2 |
_aVocabulario _921137 |
|
| 650 | 4 |
_aConcepto de número _93973 |
|
| 700 | 1 |
_aStévano, Raúl, _eil. |
|
| 905 | _aInfantil | ||
| 999 |
_c121211 _d121211 |
||